| 000 | 00494nam a22001937a 4500 | ||
|---|---|---|---|
| 003 | OSt | ||
| 005 | 20251010160322.0 | ||
| 008 | 251010b |||||||| |||| 00| 0 eng d | ||
| 020 | _a0333593693 | ||
| 040 | _cMUST | ||
| 082 | _a07/28743 | ||
| 100 |
_aWoodhall Geoffrey _919463 |
||
| 245 | _aFinancial managemwent | ||
| 300 |
_ax,85p. : _c23cm. |
||
| 504 | _aincludes appendix and glossary | ||
| 630 |
_aManagement _919464 |
||
| 700 | _4Geoffrey Woodhall, Alan Stuttard | ||
| 942 |
_2ddc _cO_SHELF |
||
| 999 |
_c9562 _d9562 |
||